U.S. Cities A-Z #1 - Statistics

General Stats
  • This quiz has been taken 39 times
  • The average score is 18 of 26
Answer Stats
Letter Hint Answer % Correct
A Home to the Busiest Airport in the world Atlanta
95%
I Home to a 2.5 mile racetrack,and one of the most famous motor races in America. Indianapolis
92%
P Home to famous landmarks suchas the Liberty Bell, Independence Hall, and the 'LOVE' sign Philadelphia
92%
L Is the namesake of one of the mostfamous boulevards in America, which is also known as 'The Strip' Las Vegas
89%
N Is made up of five boroughs, withtwo of them being Queens and Brooklyn New York City
89%
W Capital City of the USA Washington DC
89%
K City split between 2 states knownfor their barbecue, beer, music, and successful sports franchises Kansas City
86%
S Home to the famous 'Witch Trials'in the late 1600s Salem
86%
H The biggest city in the USAsituated entirely on an Island Honolulu
84%
B Some of this city's all time greatathletes include Bill Russell, Tom Brady, and Ted Williams Boston
81%
C Biggest City on Lake Erie Cleveland
78%
D Named for a river flowing out of Lake Erie Detroit
78%
E Again, also named off of the same great lake as C and D Erie
78%
M Northernmost Major city in the USAto fall on the Mississippi River Minneapolis
76%
J Capital of Missouri Jefferson City
70%
Q Massachusetts City with the namesake for America's 6th president, son of John Adams Quincy
70%
G This very cold city is commonlyassociated with 'cheeseheads' Green Bay
65%
Z Illinois City that shares it's name with a Utah National park Zion
62%
T Desert City home to Saguaronational park Tucson
59%
O Was home to 3 sports teams in2010, but is scheduled to have 0 by 2027 Oakland
54%
Y Suburb of the 'N' City on this list Yonkers
51%
R Northeast City known as'Young Lion of the West', 'Flower City', and 'Flour City' Rochester
49%
V Uniquely named for it's coastallocation in it's specific state Virginia Beach
49%
X Five letter city in Ohio coming from the greek word for 'hospitality' Xenia
41%
F Home to a famous street called"Las Olas", bustling with Cuban Restaurants and Latino Culture Fort Lauderdale
38%
U City that shares the University ofIllinois with Champaign Urbana
30%
No matching quizzes found
Score Distribution
Percent of People with Each Score
Percentile by Number Answered
Your Score History
You have not taken this quiz